| 000 | 00557nam a2200193 a 4500 | ||
|---|---|---|---|
| 005 | 20210219153536.0 | ||
| 008 | 991125n 000 0 u | ||
| 035 | _aUPN01000105598 | ||
| 100 | _aLOWE, Adolph | ||
| 222 | _aREVISTA DE LA ESCUELA NORMAL SUPERIOR DE MEXICO | ||
| 245 | _a¿Es útil la educación superior? | ||
| 300 | _a43-53 | ||
| 362 | _a1972-1973 3ê época, no. 16 sep. | ||
| 653 | 0 | _aCIENCIAS SOCIALES | |
| 653 | 0 | _aDESARROLLO CIENTIFICO Y TECNOLOGICO | |
| 653 | 0 | _aEDUCACION SUPERIOR | |
| 904 |
_aAC _b043409 |
||
| 905 | _aArticulo | ||
| 999 |
_c79548 _d79548 |
||